00374pab a2200133 454500008004000000100001700040245007900057260000900136300001300145362001100158650001700169700002000186773003400206180718b2013 xxu||||| |||| 00| 0 eng d aPitre, Amita aRape and medical evidence gathering systems: Need for urgent interventions c2013 ap.16-17. a19 Jan aSexual abuse aLingam, Lakshmi aEconomic and Political Weekly